000 00775nam a22002057a 4500
005 20250912101448.0
010 _aB-775006-5026 20BACCHEN25
020 _a9789354718793
_c299.00
035 _aB-775006-5026
037 _bScholastic
082 _aS
100 _aMara, Maddy
_985011
245 _aDragon Girls:
_bHana the Thunder Dragon/
_cBy Maddy Mara
250 _a1
260 _aUnited States
_bScholastic
270 _aNew York
_bUnited States
_k0124 484 2800
300 _a123p.
_c20m(pb)
942 _2ddc
_cEN
_mMAR
_hS
999 _c209711
_d209711